[Event "D14blitz"]
[Site "?"]
[Date "2020.08.27"]
[Round "3.1"]
[White "Tokarz, Izabela"]
[Black "Starosta, Martyna"]
[Result "1-0"]
[BlackElo "1722"]
[WhiteElo "1504"]
[LiveChessVersion "1.4.4"]

1. d4 {[%clk 0:03:03]} Nf6 {[%clk 0:03:03]} 2. c4 {[%clk 0:03:04]} g6
{[%clk 0:03:04]} 3. Nc3 {[%clk 0:03:05]} Bg7 {[%clk 0:03:05]} 4. e4
{[%clk 0:03:06]} d6 {[%clk 0:03:07]} 5. Nf3 {[%clk 0:03:05]} O-O {[%clk 0:03:07]}
6. Be2 {[%clk 0:03:05]} e5 {[%clk 0:03:07]} 7. d5 {[%clk 0:03:06]} a5
{[%clk 0:03:02]} 8. O-O {[%clk 0:03:04]} Na6 {[%clk 0:03:03]} 9. a3
{[%clk 0:02:51]} Nc5 {[%clk 0:02:52]} 10. Qc2 {[%clk 0:02:50]} a4
{[%clk 0:02:39]} 11. Be3 {[%clk 0:02:41]} Nb3 {[%clk 0:02:39]} 12. Rab1
{[%clk 0:02:36]} Bd7 {[%clk 0:02:39]} 13. Nd2 {[%clk 0:02:34]} Nxd2
{[%clk 0:02:26]} 14. Qxd2 {[%clk 0:02:35]} Ne8 {[%clk 0:02:15]} 15. f4
{[%clk 0:02:26]} f5 {[%clk 0:01:52]} 16. fxe5 {[%clk 0:02:20]} Bxe5
{[%clk 0:01:51]} 17. Bd4 {[%clk 0:02:12]} f4 {[%clk 0:01:23]} 18. Bxe5
{[%clk 0:02:08]} dxe5 {[%clk 0:01:24]} 19. h3 {[%clk 0:02:01]} b6
{[%clk 0:01:19]} 20. Qd1 {[%clk 0:02:02]} Nf6 {[%clk 0:01:16]} 21. Bf3
{[%clk 0:01:58]} g5 {[%clk 0:01:13]} 22. d6 {[%clk 0:01:22]} Kh8 {[%clk 0:01:01]}
23. dxc7 {[%clk 0:01:19]} Qxc7 {[%clk 0:01:02]} 24. Nd5 {[%clk 0:01:17]} Qc5+
{[%clk 0:00:42]} 25. Kh1 {[%clk 0:01:16]} Nxd5 {[%clk 0:00:37]} 26. cxd5
{[%clk 0:01:17]} Qd6 {[%clk 0:00:33]} 27. Bg4 {[%clk 0:01:13]} Rg8
{[%clk 0:00:34]} 28. Rc1 {[%clk 0:01:11]} Be8 {[%clk 0:00:34]} 29. Rc3
{[%clk 0:01:08]} Ra7 {[%clk 0:00:29]} 30. Qe2 {[%clk 0:01:01]} h6
{[%clk 0:00:27]} 31. Rfc1 {[%clk 0:01:01]} Rh7 {[%clk 0:00:25]} 32. Bf5
{[%clk 0:00:57]} Rhg7 {[%clk 0:00:22]} 33. Rc8 {[%clk 0:00:53]} Bd7
{[%clk 0:00:15]} 34. Bxd7 {[%clk 0:00:52]} Qxd7 {[%clk 0:00:14]} 35. Rxg8+
{[%clk 0:00:51]} Rxg8 {[%clk 0:00:15]} 36. Qh5 {[%clk 0:00:52]} Kh7
{[%clk 0:00:12]} 37. Rc6 {[%clk 0:00:53]} Qg7 {[%clk 0:00:07]} 38. Rxb6
{[%clk 0:00:53]} g4 {[%clk 0:00:09]} 39. hxg4 {[%clk 0:00:53]} Rc8
{[%clk 0:00:08]} 40. Qf5+ {[%clk 0:00:52]} 1-0

[Event "D14blitz"]
[Site "?"]
[Date "2020.08.27"]
[Round "3.2"]
[White "Zabrzanska, Weronika"]
[Black "Szopa, Emilia"]
[Result "1/2-1/2"]
[BlackElo "1241"]
[WhiteElo "1634"]
[LiveChessVersion "1.4.4"]

1. e4 {[%clk 0:03:04]} c5 {[%clk 0:03:04]} 2. c3 {[%clk 0:03:04]} d5
{[%clk 0:03:04]} 3. exd5 {[%clk 0:03:05]} Qxd5 {[%clk 0:03:05]} 4. Nf3
{[%clk 0:03:06]} Nc6 {[%clk 0:03:04]} 5. d4 {[%clk 0:03:07]} e5 {[%clk 0:03:05]}
6. dxe5 {[%clk 0:02:46]} Qxd1+ {[%clk 0:03:05]} 7. Kxd1 {[%clk 0:02:47]} Bg4
{[%clk 0:03:06]} 8. Bf4 {[%clk 0:02:35]} O-O-O+ {[%clk 0:03:04]} 9. Ke1
{[%clk 0:02:35]} Nge7 {[%clk 0:03:01]} 10. Bb5 {[%clk 0:02:23]} Ng6
{[%clk 0:02:55]} 11. Bg5 {[%clk 0:02:10]} Be7 {[%clk 0:02:26]} 12. Bxc6
{[%clk 0:02:06]} Bxg5 {[%clk 0:02:16]} 13. Be4 {[%clk 0:02:06]} Nxe5
{[%clk 0:01:52]} 14. Nbd2 {[%clk 0:01:41]} Nxf3+ {[%clk 0:01:37]} 15. Nxf3
{[%clk 0:01:32]} Bxf3 {[%clk 0:00:54]} 16. Bxf3 {[%clk 0:01:03]} Rhe8+
{[%clk 0:00:46]} 17. Kf1 {[%clk 0:00:53]} Rd2 {[%clk 0:00:46]} 18. b3
{[%clk 0:00:46]} Rc2 {[%clk 0:00:45]} 19. c4 {[%clk 0:00:41]} Bf6
{[%clk 0:00:40]} 20. Re1 {[%clk 0:00:09]} Rxe1+ {[%clk 0:00:32]} 21. Kxe1
{[%clk 0:00:10]} Bc3+ {[%clk 0:00:33]} 22. Kd1 {[%clk 0:00:08]} Rxa2
{[%clk 0:00:30]} 23. g3 {[%clk 0:00:04]} Rxf2 {[%clk 0:00:31]} 24. Bd5
{[%clk 0:00:05]} f6 {[%clk 0:00:26]} 25. Kc1 {[%clk 0:00:04]} Rb2
{[%clk 0:00:22]} 26. h4 {[%clk 0:00:03]} Be5 {[%clk 0:00:22]} 27. g4
{[%clk 0:00:04]} Rxb3 {[%clk 0:00:23]} 28. g5 {[%clk 0:00:04]} fxg5
{[%clk 0:00:24]} 29. hxg5 {[%clk 0:00:05]} Bf4+ {[%clk 0:00:25]} 30. Kc2
{[%clk 0:00:06]} Rg3 {[%clk 0:00:21]} 31. Rxh7 {[%clk 0:00:07]} Rxg5
{[%clk 0:00:22]} 32. Rh8+ {[%clk 0:00:07]} Kc7 {[%clk 0:00:22]} 33. Rf8
{[%clk 0:00:08]} Bd6 {[%clk 0:00:22]} 34. Rf7+ {[%clk 0:00:09]} Kd8
{[%clk 0:00:20]} 35. Rxb7 {[%clk 0:00:10]} Rg3 {[%clk 0:00:13]} 36. Rxa7
{[%clk 0:00:10]} g5 {[%clk 0:00:12]} 37. Bc6 {[%clk 0:00:09]} Be5
{[%clk 0:00:07]} 38. Bd5 {[%clk 0:00:10]} Ke8 {[%clk 0:00:05]} 39. Rh7
{[%clk 0:00:10]} g4 {[%clk 0:00:05]} 40. Bc6+ {[%clk 0:00:11]} Kd8
{[%clk 0:00:05]} 1/2-1/2

[Event "D14blitz"]
[Site "?"]
[Date "2020.08.27"]
[Round "3.3"]
[White "Janikowska, Wiktoria"]
[Black "Rejniak, Zuzanna"]
[Result "1/2-1/2"]
[BlackElo "1587"]
[WhiteElo "1314"]
[LiveChessVersion "1.4.4"]

1. e4 c5 2. Nf3 {[%clk 0:03:02]} d6 {[%clk 0:03:06]} 3. Bb5+ {[%clk 0:03:02]} Bd7
{[%clk 0:03:07]} 4. Bxd7+ {[%clk 0:03:02]} Qxd7 {[%clk 0:03:07]} 5. O-O
{[%clk 0:03:02]} Nc6 {[%clk 0:03:07]} 6. c3 {[%clk 0:03:02]} g6 {[%clk 0:03:06]}
7. d4 {[%clk 0:02:57]} Bg7 {[%clk 0:02:59]} 8. dxc5 {[%clk 0:02:53]} dxc5
{[%clk 0:03:01]} 9. Qxd7+ {[%clk 0:02:51]} Kxd7 {[%clk 0:03:01]} 10. Be3
{[%clk 0:02:51]} b6 {[%clk 0:03:02]} 11. Rd1+ {[%clk 0:02:49]} Kc7
{[%clk 0:02:58]} 12. Bf4+ {[%clk 0:02:48]} e5 {[%clk 0:02:55]} 13. Bg3
{[%clk 0:02:42]} Nge7 {[%clk 0:02:50]} 14. Ng5 {[%clk 0:02:38]} Raf8
{[%clk 0:02:28]} 15. Na3 {[%clk 0:02:37]} h6 {[%clk 0:02:25]} 16. Nb5+
{[%clk 0:02:29]} Kb8 {[%clk 0:02:27]} 17. Nf3 {[%clk 0:02:24]} Rd8
{[%clk 0:02:14]} 18. Nd6 {[%clk 0:02:25]} Rhf8 {[%clk 0:02:15]} 19. Nc4
{[%clk 0:02:19]} f6 {[%clk 0:02:09]} 20. a4 {[%clk 0:02:14]} Kb7 {[%clk 0:01:54]}
21. Nd6+ {[%clk 0:01:59]} Kc7 {[%clk 0:01:48]} 22. Nb5+ {[%clk 0:01:59]} Kb7
{[%clk 0:01:49]} 23. Nd6+ {[%clk 0:01:58]} Kc7 {[%clk 0:01:48]} 24. Nb5+
{[%clk 0:01:53]} Kb7 {[%clk 0:01:49]} 25. Nd6+ Kc7 26. Nb5+ {[%clk 0:01:10]}
1/2-1/2

[Event "D14blitz"]
[Site "?"]
[Date "2020.08.27"]
[Round "3.4"]
[White "Barwinska, Ewa"]
[Black "Palejko, Maria"]
[Result "1/2-1/2"]
[BlackElo "1230"]
[WhiteElo "1517"]
[LiveChessVersion "1.4.4"]

1. e4 e5 2. Nf3 Nf6 3. Nxe5 d6 4. Nf3 Nxe4 5. Nc3 Nxc3 6. dxc3 Be7 7. Bd3 O-O 8.
Bf4 Nc6 9. Qd2 Be6 10. O-O-O a5 11. Kb1 Bf6 12. Bg5 a4 13. Bxf6 Qxf6 14. Ng5 h6
15. Ne4 Qe5 16. a3 Na5 17. Ng3 Qc5 18. f3 Nc4 19. Qe2 Qb5 20. Bxc4 Bxc4 21. Qe4
Be6 22. Qb4 Qc6 23. Rhe1 b5 24. Ne2 Qd7 25. Nd4 c5 26. Qxb5 cxd4 27. Qxd7 Bxd7
28. Rxd4 Ra6 29. Red1 Be6 30. Rxd6 Ra7 31. R6d4 Rb8 32. Rb4 Rab7 33. Rxb7 Rxb7
34. Rd4 Ra7 35. c4 Rc7 36. b3 axb3 37. cxb3 Bf5+ 38. Kb2 Kh7 39. b4 Be6 40. Kc3
Kg6 41. a4 Kf6 42. b5 Bd7 43. Kb4 Ke5 44. Re4+ Kd6 45. Rd4+ Ke6 46. c5 f5 47. a5
Ke5 48. Rd2 Rb7 49. b6 Bc6 50. a6 Rb8 51. Rd6 Rxb6+ 52. cxb6 Kxd6 53. b7 Bxb7 54.
axb7 Kc7 55. Kc5 Kxb7 56. Kd5 Kc7 57. Ke5 Kd7 58. Kxf5 Ke7 59. f4 Kf7 60. Ke5 g6
61. g3 h5 62. h3 Kf6+ 63. Kd6 h4 64. g4 g5 65. Kd5 Kg7 66. f5 Kf8 67. Ke6 Kg8 68.
Kf6 Kg7+ 69. Kxg5 1/2-1/2

[Event "D14blitz"]
[Site "?"]
[Date "2020.08.27"]
[Round "3.5"]
[White "Giemza, Julia"]
[Black "Obrochta, Lena"]
[Result "1-0"]
[BlackElo "1517"]
[WhiteElo "1284"]
[LiveChessVersion "1.4.4"]

1. e4 c5 2. Nf3 e6 3. d4 cxd4 4. Nxd4 a6 5. f4 d6 6. Nc3 Qc7 7. Be2 Nf6 8. Be3 b5
9. a3 Bb7 10. Bf3 Nbd7 11. Nb3 Be7 12. O-O O-O 13. h3 Rac8 14. g4 Rfd8 15. g5 Ne8
16. Qe2 Nb6 17. Rad1 Nc4 18. Bc1 g6 19. h4 Bf8 20. h5 Bg7 21. f5 Nxa3 22. f6 Nxf6
23. h6 Bh8 24. gxf6 Bxf6 25. Bg2 Bxc3 26. bxc3 Nc4 27. Qf2 Qb6 28. Nd4 e5 29. Nf3
Qxf2+ 30. Rxf2 Bxe4 31. Rdf1 f5 32. Ng5 Bxg2 33. Kxg2 Re8 34. Rd1 e4 35. Re1 d5
36. Nh3 Rcd8 37. Bg5 Rd6 38. Bf4 Rd7 39. Ra1 Re6 40. Ng5 Rc6 41. Re2 d4 42. cxd4
Rxd4 43. Nh3 Kf7 44. Nf2 Kf6 45. Rf1 g5 46. Bh2 Rd2 47. Nxe4+ Kg6 48. Nxd2 Nxd2
49. Rxd2 f4 50. Ra1 Kxh6 51. Re2 Kg6 52. Kf3 h5 53. Rg1 Kf5 54. Rge1 g4+ 55. Kf2
Rc5 56. Kg1 g3 57. Bxg3 fxg3 58. Kg2 h4 59. Rf1+ Kg4 60. Re4+ Kg5 61. Kh3 Rxc2
62. Rg4+ Kh5 63. Rxh4+ Kg5 64. Rg4+ Kh5 65. Rxg3 a5 66. Rf4 Rc4 67. Rf8 Rc6 68.
Rf4 Rc4 69. Rxc4 bxc4 70. Rc3 1-0

[Event "D14blitz"]
[Site "?"]
[Date "2020.08.27"]
[Round "3.6"]
[White "Pawicka, Magdalena"]
[Black "Mroz, Lena"]
[Result "0-1"]
[BlackElo "1609"]
[WhiteElo "1597"]
[LiveChessVersion "1.4.4"]

1. e4 c5 2. Nf3 Nc6 3. d4 cxd4 4. Nxd4 Qb6 5. Nb3 Nf6 6. Nc3 e6 7. Be3 Qc7 8. Be2
a6 9. a4 b6 10. O-O Bb7 11. Re1 Be7 12. f4 d6 13. Bf3 O-O 14. Nd4 Rac8 15. Nxc6
Bxc6 16. e5 Nd7 17. exd6 Bxd6 18. Ne4 Be7 19. Qd3 Rfd8 20. Qxa6 Bb7 21. Qe2 Qxc2
22. Qxc2 Rxc2 23. Rac1 Rdc8 24. Rxc2 Rxc2 25. b3 h6 26. Nf6+ Nxf6 27. Bxb7 Rc3
28. Bxb6 Rxb3 29. a5 Bb4 30. Ra1 Bxa5 31. Bxa5 Rxb7 32. Bc3 Nd5 33. Be5 f6 34.
Bd6 Kf7 35. Kf2 Rb6 36. Bc5 Rc6 37. Be3 Rc2+ 38. Kf3 Rc3 39. Re1 g5 40. fxg5 hxg5
41. Kf2 Rc2+ 42. Kf3 Rc3 43. Kf2 Kg6 44. Bd4 Rc4 45. Ba1 e5 46. Re2 Rc1 47. Bb2
Rc4 48. g3 Kf5 49. h3 Nb4 50. Kg2 Nd3 51. Ba1 Nc1 52. Rf2+ Ke6 53. Bb2 Nd3 54.
Rd2 e4 55. Kf1 f5 56. Ke2 Kd5 57. Bf6 g4 58. hxg4 fxg4 59. Ke3 Rc6 60. Ba1 Rc7
61. Bf6 Rf7 62. Bh4 Rf3+ 63. Ke2 Ke5 64. Kd1 Kf5 65. Kc2 Ne1+ 66. Kd1 Nd3 67. Kc2
Ke5 68. Kd1 Rf1+ 69. Kc2 Rf3 70. Kd1 Kd4 71. Kc2 Kc4 72. Re2 Kd5 73. Kd2 Rf2 74.
Rxf2 Nxf2 75. Ke3 Nh3 76. Bd8 Ng1 77. Bb6 Ke5 78. Bc7+ Kf5 79. Bf4 Nh3 80. Bc7
Ng1 81. Bb6 Nf3 82. Bc7 Ng5 83. Bf4 Ne6 84. Bd6 Ng7 85. Bc7 Ne8 86. Bf4 Nf6 87.
Bd6 Nd5+ 88. Kd4 Nf6 89. Ke3 Nd7 90. Bc7 Nc5 91. Bd6 Nd3 92. Bc7 Ne5 93. Bb8 Nc4+
94. Kd4 Nd2 95. Ke3 Nf3 96. Bc7 Ng5 97. Bb8 Nf7 98. Bc7 Ng5 99. Bb8 Ne6 100. Bd6
Ng7 101. Bc7 Ne6 102. Bb8 Nc5 103. Bd6 Ne6 104. Bb8 Ng5 105. Bc7 Nf3 106. Bb8 Ng5
107. Bc7 Ne6 108. Bd6 Ng5 109. Bf4 Ne6 110. Bb8 Ng5 111. Bc7 Nh3 112. Bb8 Ng5
113. Bf4 Ne6 114. Bd6 Ng7 115. Bf4 Nh5 116. Bd6 Nf6 117. Bc7 Nd5+ 118. Kd4 Nxc7
119. Ke3 Nd5+ 120. Ke2 Ke5 121. Ke1 Kd4 122. Ke2 e3 123. Ke1 Kd3 124. Kd1 e2+
125. Ke1 Nc3 126. Kf2 Kd2 127. Kg2 e1=Q 128. Kh2 Qf2+ 129. Kh1 Qf3+ 130. Kh2 Ne4
131. Kg1 Qf2+ 132. Kh1 Nxg3# 0-1

[Event "D14blitz"]
[Site "?"]
[Date "2020.08.27"]
[Round "3.7"]
[White "Pastuszko, Katarzyna"]
[Black "Uliasz, Katarzyna"]
[Result "0-1"]
[BlackElo "1267"]
[WhiteElo "1241"]
[LiveChessVersion "1.4.4"]

1. e4 {[%clk 0:03:04]} c5 {[%clk 0:03:04]} 2. Nf3 {[%clk 0:03:04]} d6
{[%clk 0:03:05]} 3. d4 {[%clk 0:03:05]} cxd4 {[%clk 0:03:06]} 4. Nxd4
{[%clk 0:03:06]} Nf6 {[%clk 0:03:08]} 5. Nc3 {[%clk 0:03:08]} g6 {[%clk 0:03:09]}
6. Bd3 {[%clk 0:03:08]} Bg7 {[%clk 0:03:10]} 7. O-O {[%clk 0:03:07]} O-O
{[%clk 0:03:10]} 8. Kh1 {[%clk 0:03:08]} Nc6 {[%clk 0:03:11]} 9. Nb3
{[%clk 0:03:08]} Ne5 {[%clk 0:03:07]} 10. f4 {[%clk 0:03:05]} Nxd3
{[%clk 0:03:03]} 11. cxd3 {[%clk 0:03:06]} Be6 {[%clk 0:02:54]} 12. Be3
{[%clk 0:03:02]} a6 {[%clk 0:02:54]} 13. d4 {[%clk 0:02:55]} b5 {[%clk 0:02:42]}
14. d5 {[%clk 0:02:48]} Bd7 {[%clk 0:02:40]} 15. Qf3 {[%clk 0:02:43]} Bg4
{[%clk 0:02:34]} 16. Qg3 {[%clk 0:02:42]} b4 {[%clk 0:02:25]} 17. Na4
{[%clk 0:02:38]} Be2 {[%clk 0:02:23]} 18. Rf2 {[%clk 0:02:30]} Bb5
{[%clk 0:02:24]} 19. Nb6 {[%clk 0:02:25]} Nxe4 {[%clk 0:02:19]} 20. Qf3
{[%clk 0:02:19]} Nxf2+ {[%clk 0:02:19]} 21. Qxf2 {[%clk 0:02:20]} Rb8
{[%clk 0:02:15]} 22. f5 {[%clk 0:02:15]} Bf6 {[%clk 0:01:52]} 23. g4
{[%clk 0:01:53]} Bg7 {[%clk 0:01:25]} 24. Rg1 {[%clk 0:01:38]} Qc7
{[%clk 0:01:12]} 25. g5 {[%clk 0:01:29]} Qd8 {[%clk 0:00:50]} 26. h4
{[%clk 0:01:16]} Bd3 {[%clk 0:00:50]} 27. fxg6 {[%clk 0:01:10]} Be4+
{[%clk 0:00:41]} 28. Kh2 {[%clk 0:01:08]} fxg6 {[%clk 0:00:33]} 29. Qe2
{[%clk 0:01:01]} Be5+ {[%clk 0:00:33]} 30. Kh3 {[%clk 0:00:59]} Bf5+
{[%clk 0:00:31]} 31. Rg4 {[%clk 0:00:58]} Rxb6 {[%clk 0:00:19]} 32. Bxb6
{[%clk 0:00:58]} Qxb6 {[%clk 0:00:18]} 33. Nd2 {[%clk 0:00:52]} Bxg4+
{[%clk 0:00:17]} 34. Qxg4 {[%clk 0:00:53]} Qe3+ {[%clk 0:00:17]} 35. Kg2
{[%clk 0:00:49]} Rf2+ {[%clk 0:00:18]} 36. Kg1 {[%clk 0:00:48]} Qe1+
{[%clk 0:00:19]} 0-1

[Event "D14blitz"]
[Site "?"]
[Date "2020.08.27"]
[Round "4.1"]
[White "Tokarz, Izabela"]
[Black "Barwinska, Ewa"]
[Result "1-0"]
[BlackElo "1517"]
[WhiteElo "1504"]
[LiveChessVersion "1.4.4"]

1. d4 d5 {[%clk 0:03:01]} 2. c4 {[%clk 0:03:04]} e6 {[%clk 0:03:01]} 3. Nc3
{[%clk 0:03:05]} Nf6 {[%clk 0:03:02]} 4. cxd5 {[%clk 0:03:06]} exd5
{[%clk 0:03:03]} 5. Bg5 {[%clk 0:03:06]} Nbd7 {[%clk 0:03:03]} 6. Qc2
{[%clk 0:03:07]} c6 {[%clk 0:02:59]} 7. e3 {[%clk 0:03:08]} Be7 {[%clk 0:02:58]}
8. Bd3 {[%clk 0:03:08]} Nh5 {[%clk 0:02:47]} 9. Bxe7 {[%clk 0:03:06]} Qxe7
{[%clk 0:02:47]} 10. Nf3 {[%clk 0:03:06]} Nf4 {[%clk 0:02:30]} 11. O-O-O
{[%clk 0:02:49]} Nxd3+ {[%clk 0:02:19]} 12. Qxd3 {[%clk 0:02:47]} Nf6
{[%clk 0:02:06]} 13. h3 {[%clk 0:02:34]} b5 {[%clk 0:01:55]} 14. Ne5
{[%clk 0:02:31]} Bd7 {[%clk 0:01:47]} 15. f3 {[%clk 0:02:24]} O-O
{[%clk 0:01:45]} 16. g4 {[%clk 0:02:24]} a5 {[%clk 0:01:37]} 17. h4
{[%clk 0:02:23]} a4 {[%clk 0:01:37]} 18. h5 {[%clk 0:02:11]} b4 {[%clk 0:01:36]}
19. Ne2 {[%clk 0:01:59]} c5 {[%clk 0:01:23]} 20. g5 {[%clk 0:01:54]} Ne8
{[%clk 0:01:21]} 21. Nxd7 {[%clk 0:01:48]} Qxd7 {[%clk 0:01:08]} 22. dxc5
{[%clk 0:01:48]} Nc7 {[%clk 0:00:50]} 23. Nf4 {[%clk 0:01:47]} Qc6
{[%clk 0:00:46]} 24. Kb1 {[%clk 0:01:44]} Qxc5 {[%clk 0:00:41]} 25. h6
{[%clk 0:01:18]} Qc4 {[%clk 0:00:20]} 26. hxg7 {[%clk 0:01:01]} Qxd3+
{[%clk 0:00:20]} 27. Rxd3 {[%clk 0:01:02]} Kxg7 {[%clk 0:00:20]} 28. Nxd5
{[%clk 0:00:58]} Nxd5 {[%clk 0:00:21]} 29. Rxd5 {[%clk 0:00:59]} Rfe8
{[%clk 0:00:19]} 30. e4 {[%clk 0:00:58]} b3 {[%clk 0:00:15]} 31. a3
{[%clk 0:00:59]} Rec8 {[%clk 0:00:14]} 32. Rd2 {[%clk 0:00:59]} Ra7
{[%clk 0:00:11]} 33. Rdh2 {[%clk 0:01:00]} Rh8 {[%clk 0:00:12]} 34. f4
{[%clk 0:01:00]} Re7 {[%clk 0:00:12]} 35. e5 {[%clk 0:00:59]} Re6
{[%clk 0:00:10]} 36. Rd2 {[%clk 0:00:58]} Rc6 {[%clk 0:00:10]} 37. f5
{[%clk 0:00:31]} h6 {[%clk 0:00:10]} 38. gxh6+ {[%clk 0:00:29]} Rhxh6
{[%clk 0:00:07]} 39. f6+ {[%clk 0:00:29]} Kh7 {[%clk 0:00:08]} 40. Rg1
{[%clk 0:00:29]} Re6 {[%clk 0:00:06]} 41. Rg7+ {[%clk 0:00:30]} 1-0

[Event "D14blitz"]
[Site "?"]
[Date "2020.08.27"]
[Round "4.2"]
[White "Mroz, Lena"]
[Black "Giemza, Julia"]
[Result "1-0"]
[BlackElo "1284"]
[WhiteElo "1609"]
[LiveChessVersion "1.4.4"]

1. e4 {[%clk 0:03:04]} c5 {[%clk 0:03:03]} 2. Nf3 {[%clk 0:03:05]} e6
{[%clk 0:03:04]} 3. d4 {[%clk 0:03:06]} cxd4 {[%clk 0:03:05]} 4. Nxd4
{[%clk 0:03:07]} Qb6 {[%clk 0:03:06]} 5. Nc3 {[%clk 0:03:00]} Bc5
{[%clk 0:03:07]} 6. Na4 {[%clk 0:02:15]} Qa5+ {[%clk 0:03:08]} 7. c3
{[%clk 0:02:16]} Bxd4 {[%clk 0:03:06]} 8. Qxd4 {[%clk 0:02:12]} Nf6
{[%clk 0:03:07]} 9. b3 {[%clk 0:01:31]} Nc6 {[%clk 0:03:05]} 10. Qd3
{[%clk 0:01:28]} O-O {[%clk 0:02:53]} 11. Be2 {[%clk 0:01:28]} d5
{[%clk 0:02:51]} 12. exd5 {[%clk 0:01:22]} Nxd5 {[%clk 0:02:52]} 13. O-O
{[%clk 0:01:22]} a6 {[%clk 0:02:40]} 14. Bd2 {[%clk 0:00:53]} Nf6
{[%clk 0:02:36]} 15. c4 {[%clk 0:00:49]} Qc7 {[%clk 0:02:37]} 16. a3
{[%clk 0:00:49]} Rd8 {[%clk 0:02:36]} 17. Qc2 {[%clk 0:00:50]} b6
{[%clk 0:02:34]} 18. Be3 {[%clk 0:00:50]} Rb8 {[%clk 0:02:30]} 19. c5
{[%clk 0:00:46]} b5 {[%clk 0:02:29]} 20. Nb6 {[%clk 0:00:47]} Bb7
{[%clk 0:02:23]} 21. Rfd1 {[%clk 0:00:42]} Nd5 {[%clk 0:02:16]} 22. Bd2
{[%clk 0:00:36]} Nxb6 {[%clk 0:02:14]} 23. cxb6 {[%clk 0:00:37]} Qxb6
{[%clk 0:02:11]} 24. Be3 {[%clk 0:00:38]} Qc7 {[%clk 0:02:11]} 25. Bf3
{[%clk 0:00:32]} Rbc8 {[%clk 0:02:10]} 26. Rxd8+ {[%clk 0:00:31]} Qxd8
{[%clk 0:02:08]} 27. Rd1 {[%clk 0:00:31]} Qe7 {[%clk 0:02:08]} 28. Qb2
{[%clk 0:00:29]} Rd8 {[%clk 0:02:04]} 29. Rc1 {[%clk 0:00:30]} Rc8
{[%clk 0:02:03]} 30. b4 {[%clk 0:00:31]} Qd7 {[%clk 0:02:00]} 31. Rd1
{[%clk 0:00:27]} Qe7 {[%clk 0:02:01]} 32. Rc1 {[%clk 0:00:28]} Qd7
{[%clk 0:01:59]} 33. Rd1 {[%clk 0:00:29]} Qc7 {[%clk 0:02:00]} 34. Bc5
{[%clk 0:00:30]} Qe5 {[%clk 0:01:54]} 35. Qa2 {[%clk 0:00:22]} Qc7
{[%clk 0:01:52]} 36. h3 {[%clk 0:00:21]} Rd8 {[%clk 0:01:53]} 37. Rc1
{[%clk 0:00:22]} Qd7 {[%clk 0:01:51]} 38. Qb3 {[%clk 0:00:21]} Qd3
{[%clk 0:01:51]} 39. Qb2 {[%clk 0:00:19]} Ba8 {[%clk 0:01:49]} 40. Rd1
{[%clk 0:00:17]} Qf5 {[%clk 0:01:22]} 41. Rxd8+ {[%clk 0:00:18]} Nxd8
{[%clk 0:01:23]} 42. Bxa8 {[%clk 0:00:19]} Qd3 {[%clk 0:01:22]} 43. Bf3
{[%clk 0:00:18]} f6 {[%clk 0:01:21]} 44. Be2 {[%clk 0:00:15]} Qd5
{[%clk 0:01:21]} 45. Qd4 {[%clk 0:00:16]} Kf7 {[%clk 0:01:20]} 46. Bf3
{[%clk 0:00:16]} Qxd4 {[%clk 0:01:19]} 47. Bxd4 {[%clk 0:00:18]} e5
{[%clk 0:01:20]} 48. Bc5 {[%clk 0:00:17]} Ke6 {[%clk 0:01:21]} 49. Kf1
{[%clk 0:00:16]} f5 {[%clk 0:01:22]} 50. Bb6 {[%clk 0:00:16]} Nf7
{[%clk 0:01:21]} 51. Bb7 {[%clk 0:00:17]} e4 {[%clk 0:01:21]} 52. Bxa6
{[%clk 0:00:17]} Nd6 {[%clk 0:01:22]} 53. Bc5 {[%clk 0:00:18]} Nc4
{[%clk 0:01:23]} 54. Bxb5 {[%clk 0:00:15]} Nxa3 {[%clk 0:01:24]} 55. Ba4
{[%clk 0:00:16]} Nb1 {[%clk 0:01:23]} 56. Bb3+ {[%clk 0:00:15]} Ke5
{[%clk 0:01:22]} 57. Ke2 {[%clk 0:00:16]} Nc3+ {[%clk 0:01:23]} 58. Kd2
{[%clk 0:00:17]} Nb5 {[%clk 0:01:24]} 59. Bc4 {[%clk 0:00:18]} Na3
{[%clk 0:01:24]} 60. Bb3 {[%clk 0:00:19]} Nb5 {[%clk 0:01:25]} 61. Ke3
{[%clk 0:00:19]} Nc3 {[%clk 0:01:25]} 62. Bd4+ {[%clk 0:00:19]} Kd6
{[%clk 0:01:25]} 63. Bxc3 {[%clk 0:00:21]} g5 {[%clk 0:01:26]} 64. g3
{[%clk 0:00:22]} h5 {[%clk 0:01:27]} 65. Kd4 {[%clk 0:00:22]} h4 {[%clk 0:01:27]}
66. gxh4 {[%clk 0:00:22]} gxh4 {[%clk 0:01:23]} 67. Bd1 {[%clk 0:00:24]} Kc6
{[%clk 0:01:23]} 68. Bh5 {[%clk 0:00:22]} Kb5 {[%clk 0:01:24]} 69. Bg6
{[%clk 0:00:23]} Ka4 {[%clk 0:01:25]} 70. Bxf5 {[%clk 0:00:24]} Kb5
{[%clk 0:01:26]} 71. Bxe4 {[%clk 0:00:25]} 1-0

[Event "D14blitz"]
[Site "?"]
[Date "2020.08.27"]
[Round "4.3"]
[White "Rejniak, Zuzanna"]
[Black "Zabrzanska, Weronika"]
[Result "1-0"]
[BlackElo "1634"]
[WhiteElo "1587"]
[LiveChessVersion "1.4.4"]

1. e4 {[%clk 0:03:04]} e5 {[%clk 0:03:04]} 2. Nf3 {[%clk 0:03:05]} Nc6
{[%clk 0:03:05]} 3. Bc4 {[%clk 0:03:06]} Bc5 {[%clk 0:03:06]} 4. d3
{[%clk 0:03:07]} d6 {[%clk 0:03:05]} 5. O-O {[%clk 0:03:06]} Nf6 {[%clk 0:03:06]}
6. c3 {[%clk 0:03:07]} a6 {[%clk 0:03:06]} 7. a4 {[%clk 0:03:08]} O-O
{[%clk 0:03:06]} 8. b4 {[%clk 0:03:06]} Ba7 {[%clk 0:03:06]} 9. b5
{[%clk 0:02:48]} Ne7 {[%clk 0:03:05]} 10. bxa6 {[%clk 0:02:47]} bxa6
{[%clk 0:03:05]} 11. a5 {[%clk 0:02:45]} Ng6 {[%clk 0:03:04]} 12. h3
{[%clk 0:02:38]} c6 {[%clk 0:03:00]} 13. Re1 {[%clk 0:02:12]} Re8
{[%clk 0:02:53]} 14. Bg5 {[%clk 0:01:41]} h6 {[%clk 0:02:54]} 15. Be3
{[%clk 0:01:36]} d5 {[%clk 0:02:42]} 16. Bxa7 {[%clk 0:01:31]} dxc4
{[%clk 0:02:16]} 17. Bb6 {[%clk 0:01:12]} Qxd3 {[%clk 0:02:16]} 18. Qxd3
{[%clk 0:01:12]} cxd3 {[%clk 0:02:17]} 19. Nbd2 {[%clk 0:01:08]} Nf4
{[%clk 0:02:07]} 20. c4 {[%clk 0:01:04]} Nd7 {[%clk 0:02:03]} 21. Be3
{[%clk 0:00:25]} Ne2+ {[%clk 0:02:02]} 22. Kf1 {[%clk 0:00:25]} Bb7
{[%clk 0:01:38]} 23. Ra3 {[%clk 0:00:25]} Nf6 {[%clk 0:00:59]} 24. Rxd3
{[%clk 0:00:25]} Nf4 {[%clk 0:00:58]} 25. Bxf4 {[%clk 0:00:22]} exf4
{[%clk 0:00:59]} 26. e5 {[%clk 0:00:24]} Nh7 {[%clk 0:00:52]} 27. Rd7
{[%clk 0:00:24]} Rab8 {[%clk 0:00:51]} 28. Rb1 {[%clk 0:00:23]} Ba8
{[%clk 0:00:48]} 29. Rxb8 {[%clk 0:00:20]} Rxb8 {[%clk 0:00:49]} 30. Ra7
{[%clk 0:00:21]} Bb7 {[%clk 0:00:40]} 31. Nb3 {[%clk 0:00:22]} Nf8
{[%clk 0:00:27]} 32. Nc5 {[%clk 0:00:23]} Bc8 {[%clk 0:00:27]} 33. Nxa6
{[%clk 0:00:21]} Rb1+ {[%clk 0:00:10]} 34. Ke2 {[%clk 0:00:22]} Rb2+
{[%clk 0:00:10]} 35. Nd2 {[%clk 0:00:24]} Bxa6 {[%clk 0:00:05]} 36. Rxa6
{[%clk 0:00:25]} c5 {[%clk 0:00:06]} 37. Rc6 Ne6 38. a6 {[%clk 0:00:24]} Ra2
{[%clk 0:00:08]} 39. Kd3 {[%clk 0:00:25]} Ra3+ {[%clk 0:00:09]} 40. Ke4
{[%clk 0:00:24]} Nd4 {[%clk 0:00:07]} 41. Rxc5 {[%clk 0:00:16]} Ne2
{[%clk 0:00:08]} 42. Rc8+ {[%clk 0:00:15]} Kh7 {[%clk 0:00:09]} 43. Ra8
{[%clk 0:00:12]} Nc3+ {[%clk 0:00:09]} 44. Kxf4 {[%clk 0:00:12]} Na4
{[%clk 0:00:07]} 45. a7 {[%clk 0:00:12]} Nb6 46. Rb8 {[%clk 0:00:13]} Rxa7
{[%clk 0:00:03]} 47. Rxb6 {[%clk 0:00:14]} Rd7 {[%clk 0:00:04]} 48. Ne4
{[%clk 0:00:14]} Rd4 {[%clk 0:00:05]} 49. c5 {[%clk 0:00:16]} Rc4
{[%clk 0:00:06]} 50. c6 {[%clk 0:00:16]} g5+ {[%clk 0:00:07]} 51. Kf3
{[%clk 0:00:16]} Kg6 {[%clk 0:00:08]} 52. Nd6 {[%clk 0:00:16]} Rc3+
{[%clk 0:00:07]} 53. Ke2 {[%clk 0:00:17]} Rc5 {[%clk 0:00:06]} 54. Nb5
{[%clk 0:00:14]} Rxe5+ {[%clk 0:00:07]} 55. Kf1 {[%clk 0:00:15]} Rc5
{[%clk 0:00:07]} 56. c7+ {[%clk 0:00:16]} Rc1+ {[%clk 0:00:06]} 57. Ke2+
{[%clk 0:00:17]} Rc2+ {[%clk 0:00:07]} 58. Ke3+ {[%clk 0:00:19]} Rc1
{[%clk 0:00:07]} 59. Rb8 {[%clk 0:00:19]} 1-0